000 00455nam a2200145Ia 4500
008 090124s9999 xx 000 0 und d
082 _b402025
245 _a पुराणातील गमती जमती
250 _a1
260 _bदेवळे श.रा.
_c1986
300 _a160
630 _a पुराणातील गमती जमती
730 _a पुराणातील गमती जमती
942 _cBOOK
999 _c198485
_d198485